00249 a2200121 4500001000700000020000600007040001100013100002900024240003100053245002600084362000900110440000800119174919 a  cMagnum aCarvalho, Mercedes Penna10aA rifa da girafa-fifalpor10aA rifa da girafa-fifa0 a1899 1aRHJ